| Tag |
First Indicator |
Second Indicator |
Subfields |
| LEADER |
00000cgm a2200000Mi 4500 |
| 001 |
in00005575413 |
| 006 |
m o c |
| 007 |
cr |n||||||||a |
| 007 |
vz |za|z| |
| 008 |
150904s2007 flu026 e o vueng d |
| 005 |
20241201232248.9 |
| 035 |
|
|
|a (OCoLC)ocn921888868
|
| 040 |
|
|
|a ALSTP
|b eng
|e rda
|e pn
|c ALSTP
|d OCLCO
|d OCLCF
|d OCLCQ
|d OCLCO
|d OCLCA
|d CAUOI
|d WYU
|d UPM
|d OCLCO
|d UHL
|d OCLCA
|d OCLCQ
|d OCLCO
|d OCL
|d OCLCO
|d DXU
|
| 019 |
|
|
|a 1112961779
|a 1373525648
|a 1443994315
|
| 035 |
|
|
|a (OCoLC)921888868
|z (OCoLC)1112961779
|z (OCoLC)1373525648
|z (OCoLC)1443994315
|
| 049 |
|
|
|a TXAM
|
| 245 |
0 |
0 |
|a 3D-4D Fundamentals for OB/GYN Sonography.
|n Part 3 /
|c presented by Wayne H. Persutte, PhD, MS, CRA, RDMS, FAIUM, FSDMS.
|
| 246 |
3 |
|
|a Advanced Assessment of Fetal Neural Tube Defects
|
| 264 |
|
1 |
|a St. Pete Beach, FL :
|b Gulfcoast Ultrasound,
|c 2007.
|
| 300 |
|
|
|a 1 online resource (26 min.)
|
| 306 |
|
|
|a 002549
|
| 336 |
|
|
|a two-dimensional moving image
|b tdi
|2 rdacontent
|
| 337 |
|
|
|a computer
|b c
|2 rdamedia
|
| 337 |
|
|
|a video
|b v
|2 rdamedia
|
| 338 |
|
|
|a online resource
|b cr
|2 rdacarrier
|
| 338 |
|
|
|a other
|b vz
|2 rdacarrier
|
| 347 |
|
|
|a data file
|2 rda
|
| 490 |
0 |
|
|a Academic Video Online
|
| 500 |
|
|
|a Title from resource description page (viewed September 04, 2015).
|
| 520 |
|
|
|a This 3D-4D OB-GYN DVD has been designed for physicians and sonographers learning how to perform and/or interpret 3D OB ultrasound examinations and have a desire to incorporate 3D applications into clinical practice.
|
| 546 |
|
|
|a In English.
|
| 650 |
|
0 |
|a Diagnostic ultrasonic imaging.
|
| 650 |
|
0 |
|a Ultrasonics in obstetrics.
|
| 650 |
|
0 |
|a Ultrasonic imaging.
|
| 650 |
|
6 |
|a Échographie.
|
| 650 |
|
6 |
|a Échographie obstétricale.
|
| 650 |
|
7 |
|a Ultrasonic imaging
|2 fast
|
| 650 |
|
7 |
|a Diagnostic ultrasonic imaging
|2 fast
|
| 650 |
|
7 |
|a Ultrasonics in obstetrics
|2 fast
|
| 655 |
|
7 |
|a Instructional films
|2 fast
|
| 655 |
|
7 |
|a Instructional films.
|2 lcgft
|
| 655 |
|
7 |
|a Films de formation.
|2 rvmgf
|
| 856 |
4 |
0 |
|u http://proxy.library.tamu.edu/login?url=https://www.aspresolver.com/aspresolver.asp?DIMG;2710244
|z Connect to this streaming video (Alexander Street Press)
|t 0
|
| 955 |
|
|
|a Alexander Street Press subscription streaming video
|
| 994 |
|
|
|a 92
|b TXA
|
| 999 |
f |
f |
|s 85439491-c3ae-420d-8482-10f8601a98fe
|i 05a049c3-b1e5-4b5d-8a4d-d4c3552aad23
|t 0
|
| 952 |
f |
f |
|a Texas A&M University
|b College Station
|c Electronic Resources
|d Available Online
|t 0
|h Library of Congress classification
|
| 998 |
f |
f |
|t 0
|l Available Online
|